5 Seconds of Summer - Flatline (Lyrics) - Statistics

General Stats
  • This quiz has been taken 72 times
  • The average score is 267 of 318
Answer Stats
Answer % Correct
a
100%
heart
100%
Heart
100%
I
100%
"I
100%
time
100%
you
100%
You
100%
you,
100%
you,"
100%
even
97%
flatline
97%
for
97%
I'm
97%
is
97%
look
97%
the
97%
at
94%
can't
94%
first
94%
gonna
94%
No
94%
falling
90%
all
87%
And
87%
and
87%
me,
87%
me
87%
my
87%
day
84%
day,
84%
don't
84%
just
84%
know,
84%
know
84%
like,
84%
like
84%
to
84%
one
81%
so
81%
die
77%
see
77%
You're
77%
ago,
74%
ago
74%
every
74%
hell
74%
Now
74%
now
74%
seen
74%
Should've
74%
someone
74%
Someone
74%
was
74%
'Cause
71%
else
71%
I'd
71%
love
71%
miss
71%
Run
71%
staring
71%
year
71%
it's
68%
mind
68%
night
68%
will
68%
gold,
61%
gold
61%
guide
61%
hesitate,
61%
hesitate
61%
into
61%
Lights
61%
of
61%
were
61%
Burning
58%
change,
58%
change
58%
hard
58%
alone,
55%
alone
55%
say
55%
say,
55%
sunshine
55%
times
52%
wanna
52%
shining
48%
always
45%
kept
45%
People
45%
Dark
42%
I've
42%
fake,
26%
fake
26%
signs
23%
No matching quizzes found
Score Distribution
Percent of People with Each Score
Percentile by Number Answered
Your Score History
You have not taken this quiz